000
00289nam a22001337a 4500
008
170614b xxu||||| |||| 00| 0 eng d
020
_a
9781568029320
041
_a
eng
080
_2
2ND
_a
32
100
_a
19
101
_a
SHP
245
_a
POLITICS IN ISRAEL
_c
ARIAN,A
942
_2
udc
_c
BK
999
_c
17375
_d
17375